| 000 | 00931cam a2200277 a 4500 | ||
|---|---|---|---|
| 001 | 16526131 | ||
| 005 | 20220224095220.0 | ||
| 008 | 101101s2012 at ab 001 0 eng | ||
| 010 | _a 2010940370 | ||
| 020 | _a9780538481199 (pbk.) | ||
| 020 | _a0538481196 (pbk.) | ||
| 040 |
_aDLC _cDLC _dDLC |
||
| 042 | _apcc | ||
| 050 | 0 | 0 |
_aHB171.5.B69444 2012 _b.B69444 2012 |
| 100 | 1 | _aBoyes, William J. | |
| 245 | 1 | 0 |
_aFundamentals of economics / _cWilliam Boyes and Michael Melvin. |
| 250 | _a5th ed. | ||
| 260 |
_aAustralia ; _aMason, OH : _bSouth-Western Cengage Learning, _cc2012. |
||
| 300 |
_axviii, 440 p. : _bill., maps ; 28 cm. |
||
| 500 | _aIncludes index. | ||
| 650 | 0 | _aEconomics. | |
| 700 | 1 |
_aMelvin, Michael _c(Economist) |
|
| 906 |
_a7 _bcbc _corigres _d3 _encip _f20 _gy-gencatlg |
||
| 942 |
_2lcc _cBOOKS _hHB171.5.B69444 2012 |
||
| 999 |
_c31171 _d31171 |
||